00476pab a2200157 454500008004000000100001800040245008000058260000900138300001400147362000800161650003700169650002100206700002100227700001800248773005200266180718b2006 xxu||||| |||| 00| 0 eng d aFenwick, John aLeadership and management in UK local government a role for elected mayors? c2006 ap.431-47. aSep aLocal government - Great Britain aLocal government aMcMillan, Janice aElock, Howard aInternational Review of Administrative Sciences